| 000 | 00753nam a22002057a 4500 | ||
|---|---|---|---|
| 999 |
_c15585 _d15585 |
||
| 003 | AR-CdUCM | ||
| 008 | 190320b ||||| |||| 00| 0 spa d | ||
| 040 |
_aMUNICIPALIDAD PROVINCIAL DEL CUSCO _cBIBLIOTECA MUNICIPAL DEL CUSCO |
||
| 082 |
_a343.5 / _2J92 / 1956 |
||
| 110 |
_aJurado nacional de elecciones _931366 |
||
| 245 | _aEstatuto electoral / | ||
| 260 |
_aLima : _bImpr. colegio militar "Leoncio Prado", _c1956. |
||
| 300 |
_a94 páginas ; _c17 cm. |
||
| 505 | _aContenido: Apertura de nuevo registro electoral nacional, Decreto ley N° 11100 -- Estatuto electoral Decreto ley N° 11172... | ||
| 650 |
_aEstatuto electoral _934701 |
||
| 650 |
_aElecciones _91677 |
||
| 650 |
_aLey _97887 |
||
| 942 |
_2ddc _cLIBROS |
||
| 945 |
_aacv _d2019-04-29 |
||